I Say Unto You V1: Talks on the Sayings of Jesus (Record no. 20992)

MARC details
000 -LEADER
fixed length control field 00359nam a22001457a 4500
022 ## -
-- 978-81-7261-256-6
082 ## - DEWEY DECIMAL CLASSIFICATION NUMBER
Classification number 232
Author Cutter OSH
100 ## - MAIN ENTRY--AUTHOR NAME
Author name Osho(Bhagwan Rajneesh)
245 ## - TITLE STATEMENT
Title I Say Unto You V1: Talks on the Sayings of Jesus
260 ## - PUBLICATION, DISTRIBUTION, ETC. (IMPRINT)
Place of publication Pune
Name of publisher Osho Media International
Year of publication 1979
300 ## - PHYSICAL DESCRIPTION
Number of Pages 265
650 ## - SUBJECT ADDED ENTRY--TOPICAL TERM
Topical Term Spirituality
942 ## - ADDED ENTRY ELEMENTS (KOHA)
Koha item type Books
Holdings
Home library Current library Shelving location Date acquired Source of acquisition Cost, normal purchase price Full call number Accession Number Koha item type
Henry Martyn Institute Library Henry Martyn Institute Library General stacks 05/07/2018 Director 500.00 232 OSH 11003658 Books
                   Copyright © 2026 | Henry Martyn Institute | Hyderabad | TS-500052 | INDIA | Implemented by hmi.edu.in
Hit-Count:

Powered by Koha